Logo BPK

Biblioteka

Politechniki Koszalińskiej

Relaksacyjny model przewodzenia i generacji ciepła / (Rekord nr 31140)

Szczegóły MARC
000 -ETYKIETA REKORDU
podpole kontrolne o stałej długości 00805nam a2200241 i 4500
001 - NUMER KONTROLNY REKORDU
pole kontrolne bg
020 ## - MIĘDZYNARODOWY ZNORMALIZOWANY NUMER KSIĄŻKI - ISBN
ISBN 8386359927
040 ## - ŹRÓDŁO KATALOGOWANIA
Instytucja, która utworzyła rekord BPK
041 0# - KOD JĘZYKA
Kod języka tekstu pl
Kod języka streszczenia lub abstraktu en
080 ## - UNIWERSALNA KLASYFIKACJA DZIESIĘTNA - UKD
UKD 536.2
920 ## - Międzynarodowy znormalizowany numer książki – ISBN
ISBN 83-86359-92-7
008 - POLE O STAŁEJ DŁUGOŚCI - DANE KONTROLNE
podpole kontrolne o stałej długości s pl f |000 0 pol
100 1# - NAZWA OSOBOWA
Nazwa osobowa MALINOWSKI, Leszek
245 10 - TYTUŁ/ODPOWIEDZIALNOŚĆ
Tytuł Relaksacyjny model przewodzenia i generacji ciepła /
Pozostałe elementy strefy tytułu i oznaczenia odpowiedzialności Leszek Malinowski.
260 ## - STREFA ADRESU WYDAWNICZEGO
Miejsce wydania Szczecin :
Nazwa wydawcy/dystrybutora Wydaw. Uczelniane PS,
Data publikacji, dystrybucji/powstania dokumentu 1995.
300 ## - STREFA OPISU FIZYCZNEGO
Objętość 83 s. :
Inne cechy fizyczne wykr. ;
Rozmiary 24 cm.
490 1# - STREFA SERII I DOKUMENTU WIELOCZĘŚCIOWEGO - FORMA NIE DO WYSZUKIWANIA
Tytuł i oznaczenie odpowiedzialności serii Prace Naukowe Politechniki Szczecińskiej. Instytut Fizyki,
ISSN 0208-712X ;
Numeracja w obrębie serii nr 11
500 ## - UWAGI OGÓLNE
Tekst uwagi Numeracja ser. gł. : nr 525.
504 ## - UWAGA DOTYCZĄCA BIBLIOGRAFII
Informacje o bibliografii Bibliogr. s. 79-81. - Summ.
650 #9 - HASŁO PRZEDMIOTOWE W FORMIE NAZWY OGÓLNEJ LUB JEDNOSTKOWEJ
Nazwa ogólna lub geograficzna Przewodnictwo cieplne
Określnik ogólny badanie
830 #0 - HASŁO DODATKOWE SERII LUB DOKUMENTU WIELOCZĘŚCIOWEGO - TYTUŁ UJEDNOLICONY
Tytuł ujednolicony Prace Naukowe Politechniki Szczecińskiej.
Nazwa części/sekcji dzieła Instytut Fizyki ;
Oznaczenie tomu nr 11
856 ## - LOKALIZACJA I DOSTĘP DO ELEKTRONICZNYCH DOKUMENTÓW ZDALNYCH
Link (URL) http://koha.tu.koszalin.pl/cgi-bin/koha/opac-detail.pl?biblionumber=31140
Tekst linku Katalog online BPK
942 ## - DODATKOWE ELEMENTY (KOHA)
Typ dokumentu Książka
Egzemplarze
Wycofany Status egzemplarza Uszkodzony Dostępność Lokalizacja stała Lokalizacja bieżąca Miejsce przechowywania Sygnatura Kod kreskowy Typ dokumentu
      Dostępny Biblioteka Politechniki Koszalińskiej Biblioteka Politechniki Koszalińskiej Wypożyczalnia BG 38247 01135671 Książka
© 2023 Biblioteka Politechniki Koszalińskiej :: KOHA